Julius Paulus. Sentencias.
Gespeichert in:
| Weitere Verfasser: | |
|---|---|
| Format: | Buch |
| Sprache: | Spanisch |
| Veröffentlicht: |
San Miguel de Tucumán, Argentina:
Universidad Nacional de Tucumán; Facultad de Derecho y Ciencias Sociales,
1994.
|
| Schlagworte: | |
| Tags: |
Tag hinzufügen
Keine Tags, Fügen Sie den ersten Tag hinzu!
|
MARC
| LEADER | 00000nam a2200000 a 4500 | ||
|---|---|---|---|
| 001 | UCT1247 | ||
| 003 | CL-VaPUC | ||
| 005 | 20240401121833.0 | ||
| 008 | 960927e19940000AG |||||||||||||||||spa|d | ||
| 999 | |c 251818 |d 251816 | ||
| 040 | |c Pontificia Universidad Católica de Valparaíso | ||
| 082 | 0 | 4 | |a 340.54 JUL 1994 |2 21 |
| 245 | 1 | 0 | |a Julius Paulus. |b Sentencias. |
| 260 | |a San Miguel de Tucumán, Argentina: |b Universidad Nacional de Tucumán; |b Facultad de Derecho y Ciencias Sociales, |c 1994. | ||
| 300 | |a 159 páginas. | ||
| 500 | |a c.2 Donación Familia Prof. Alejandro Guzmán Brito. | ||
| 583 | |a last modification |c 19960927 00:00:00 |k Rodrigo Vera | ||
| 650 | 0 | |a Derecho romano |9 255930 | |
| 650 | 0 | |a Contratos |9 255153 | |
| 650 | 7 | |a Legislación |2 CL-VaPUC |9 370012 | |
| 650 | 0 | |a Familias |9 255641 | |
| 700 | |a Caminos, Santos Arturo |e traducción |9 866180 | ||
| 942 | |c BK |2 ddc |n 0 | ||
| 945 | |d 19960927 00:00:00 |a nastorga | ||
| 952 | |0 0 |1 0 |4 0 |6 340_540000000000000_JUL_1994 |7 0 |8 DER_ROM |9 271262 |a BIBDER |b BIBDER |d 2019-11-19 |i 3232751 |o 340.54 JUL 1994 |p 3232751 |r 2023-01-25 |w 2019-11-19 |x Ubicación 4to piso |y BK_X |z Este recurso debe solicitarse con anticipación |k DER | ||